000
00341 a2200157 4500
001
152591
040
_c
Escola São Tomás de Aquino
100
_a
SANTOS, Joel Rufino dos
240
1
0
_a
Robin Hood
_l
por
245
1
0
_a
Robin Hood
300
_a
111
362
0
_a
2003
440
1
_a
Scipione
697
_a
*LITERATURA JUVENIL
942
_c
BK
999
_c
152591
_d
152591